NFL 2024 Season - Statistics

General Stats
  • This quiz has been taken 49 times
  • The average score is 12 of 20
Answer Stats
Hint Answer % Correct
MVP Josh Allen
100%
Super Bowl Champion Philadelphia Eagles
100%
Receiving Leader Ja'marr Chase
98%
Rushing Leader Saquon Barkley
98%
Passing Leader Joe Burrow
90%
OROTY Jayden Daniels
88%
OPOY Saquon Barkley
85%
TE who broke several records Brock Bowers
71%
Team with the most TDs Detroit Lions
66%
DPOY Patrick Surtain
63%
DROTY Jared Verse
61%
Most fantasy points by a player Lamar Jackson
59%
Team with the most sacks Denver Broncos
49%
Player with the most points scored Chris Boswell
37%
Non-Kicker with the most points scored Jahmyr Gibbs
29%
Least points allowed per game Los Angeles Chargers
27%
Other than Ja'marr Chase, player with the most targets Malik Nabers
27%
Player with the most interceptions Kerby Joseph
24%
Player with the most tackles Zaire Franklin
24%
Rookie with the most rushing yards Tyrone Tracy
15%
No matching quizzes found
Score Distribution
Percent of People with Each Score
Percentile by Number Answered
Your Score History
You have not taken this quiz